Мы и смерть. По ту сторону принципа наслаждения: пер. с нем.; Танатология - наука о смерти

التفاصيل البيبلوغرافية
المؤلف الرئيسي: Фрейд З. Зигмунд
مؤلفون آخرون: Решетников М. М. (редактор), Белкин А. И.
اللغة:الروسية
منشور في: Санкт-Петербург, 1994
Copublished:С. Рязанцев. Танатология - наука о смерти
سلاسل:Современная гуманистическая литература
Библиотека психоаналитической литературы
الموضوعات:
التنسيق: كتاب
KOHA link:https://koha.lib.tpu.ru/cgi-bin/koha/opac-detail.pl?biblionumber=18942

MARC

LEADER 00000nam0a2200000 4500
001 18942
005 20231101205235.0
010 |a 5850840048 
035 |a (RuTPU)RU\TPU\book\19097 
035 |a BOOK00019166 
090 |a 18942 
100 |a 20011209d1994 k y0rusy50 ca 
101 1 |a rus  |c ger 
102 |a RU 
105 |a y z 000zy 
200 1 |a Мы и смерть. По ту сторону принципа наслаждения  |e пер. с нем.  |f З. Фрейд  |g под ред. М. М. Решетникова ; А. И. Белкина 
210 |a Санкт-Петербург  |d 1994 
215 |a 383 с. 
225 1 |a Современная гуманистическая литература 
225 1 |a Библиотека психоаналитической литературы 
423 |t Танатология - наука о смерти  |f С. Рязанцев  |a Рязанцев, С. 
606 |a Психоанализ  |x Психология  |2 stltpush  |3 (RuTPU)RU\TPU\subj\53114  |9 71464 
610 1 |a философия 
610 1 |a психология 
610 1 |a жизнь 
610 1 |a смерть 
610 1 |a бессмертие 
610 1 |a танатология 
686 |a Ю932  |v LBC/SL-A  |2 rubbk 
700 1 |a Фрейд  |b З.  |c австрийский врач-психиатр  |c психолог  |c основатель психоанализа  |f 1856-1939  |g Зигмунд  |2 stltpush  |3 (RuTPU)RU\TPU\pers\479  |9 231 
702 1 |a Решетников  |b М. М.  |4 340 
702 1 |a Белкин  |b А. И.  |4 340 
801 0 |a RU  |b 63413507  |c 20011209  |g PSBO 
801 2 |a RU  |b 63413507  |c 20191003  |g PSBO 
900 |a Философия 
900 |a Психология 
942 |c BK